000 00559cam a2200205 a 4500
001 sa 65000575
003 DLC
005 20260227112104.0
008 960110s1963 pk 000 f urdo
010 _asa 65000575
035 _a(OCoLC)34013802
040 _aDLC
_cDLC
_dDLC
050 0 0 _aPK2199.A285
_bS43 1963
100 0 _aAe. Ār. K̲h̲ātūn,
_d1900-1965.
245 1 0 _aShahzādī Māh Ruk̲h̲ /
_cAe. Ār. K̲h̲ātūn.
260 _aLāhaur :
_bĀʼīnah-yi Adab,
_c1963.
300 _a119 p. ;
_c18 cm.
500 _aNovel.
546 _aIn Urdu.
999 _c61620
_d61620